000 00563nam a2200217 a 4500
001 BRCA_4001
005 20190320204517.0
008 160110s1961----nyua######---#000-0#eng-#
041 _aeng
044 _anyu
050 4 _aPZ3
_b.B88 1961
100 1 _aBush, Christopher.
_910405
245 1 0 _aThe Case of the Dead Man Gone
_cChristopher Bush.
260 _aNueva York
_bMacmillan
_c1961
300 _a191 p.
_bil.
_c19 cm.
440 0 _aCock Robin mystery
_910406
500 _aCEF11
650 1 4 _aNovelas policĂ­acas
_9877
902 _aGFM
942 _2lcc
_cB
999 _c3727
_d3727